LEADER 01003nam a2200241 i 4500 001 000000143530 003 CaOOAMICUS 005 20051005000000.0 008 051005s1935 fr u000 u fre u 013 $a118888 040 $aSeMil$bita 100 1 $aPeillaube, Émile <1864-1935>.$0(OLS)http://semarc/name/2212 245 10$aCaractère et personnalité /$cE. Peillaube ; publié par Ch. Eyselé. 260 $aParis :$bTéqui,$cimprim. 1935. 300 $aVIII, 222 p. ;$c23 cm. 490 0 $aCours et documents de philosophie 650 4$aCarattere - Filosofia.$0(OLS)http://semarc/subject/28213 700 1 $aEyselé, Charles.$0(OLS)http://semarc/name/57542 830 0$aCours et documents de philosophie.$0(OLS)http://semarc/title/18495 850 $aSeMil 852 $aSeMil$W1$xVenegono$y1$m2R IV 120 =$j96606$B96606$CSeMilBibl$Z2$F103919 $81 996 $6245$aCaractère et personnalité$9(OLS)http://semarc/title/210053 996 $6260$aParis :$bTéqui$9(OLS)http://semarc/publisher/30134 LEADER 00498nab a2200145 i 4500 001 000000312824 003 CaOOAMICUS 005 20180831173100.0 008 180831n xx uu u0 0und r 013 $a21916 040 $aSeMil$bita 100 1 $aTredici, Giacinto .$0(OLS)http://semarc/name/17126 245 10$aNella Pontificia Università Gregoriana. 773 0 $t[Luglio-Dicembre].$g445-447$w()274220 996 $6245$aNella Pontificia Università Gregoriana$9(OLS)http://semarc/title/387186